| 000 | 00423nam a22001577a 4500 | ||
|---|---|---|---|
| 003 | PILC | ||
| 005 | 20151013092435.0 | ||
| 008 | 151013b xxu||||| |||| 00| 0 eng d | ||
| 020 | _a0440227704 | ||
| 050 |
_aPZ 7 _b.L99 1986 |
||
| 100 | _aL'engle, Madeleine. | ||
| 245 |
_aMany waters / _cMadeleine L'engle. |
||
| 260 |
_aNew York : _bDoubleday Dell Books, _c1986. |
||
| 300 |
_a310 pages ; _c19 cm. |
||
| 942 |
_2lcc _cBK _kFOR |
||
| 999 |
_c288851 _d288851 |
||